LIBRARY & INFORMATION CENTRE, KCAET, TAVANUR

ONLINE PUBLIC ACCESS CATALOGUE (OPAC)

Cuba jeevikkunnu / (Record no. 18108)

MARC details
000 -LEADER
fixed length control field 00397nam a2200169 4500
003 - CONTROL NUMBER IDENTIFIER
control field OSt
008 - FIXED-LENGTH DATA ELEMENTS--GENERAL INFORMATION
fixed length control field 241004b |||||||| |||| 00| 0 eng d
041 ## - LANGUAGE CODE
Language code of text/sound track or separate title mal
082 ## - DEWEY DECIMAL CLASSIFICATION NUMBER
Classification number 917.291
Item number SWA/CU
100 ## - MAIN ENTRY--AUTHOR NAME
Personal name Swaraj, M.
245 ## - TITLE STATEMENT
Title Cuba jeevikkunnu /
260 ## - PUBLICATION, DISTRIBUTION, ETC. (IMPRINT)
Place of publication Kayamkulam :
Name of publisher Sithara Books,
Year of publication 2020.
300 ## - PHYSICAL DESCRIPTION
Number of Pages 111p.
650 ## - SUBJECT ADDED ENTRY--TOPICAL TERM
Topical Term Travelogue
650 ## - SUBJECT ADDED ENTRY--TOPICAL TERM
Topical Term Cuba
942 ## - ADDED ENTRY ELEMENTS (KOHA)
Koha item type Books
Holdings
Withdrawn status Lost status Damaged status Home library Current library Date acquired Source of acquisition Cost, normal purchase price Full call number Accession Number Koha item type
      KAUAET KAUAET 04/10/2024 Donated by KT Jaleel MLA 125.00 917.291 SWA/CU 26252 Books
      KAUAET KAUAET 25/08/2025 Donated by KT Jaleel MLA 125.00 917.291 SWA/CU 26312 Books
free website counter